| 000 | 00521nam a22001817a 4500 | ||
|---|---|---|---|
| 003 | BD-DhUL | ||
| 005 | 20190612151648.0 | ||
| 008 | 160330s1961 pk ||||| |||| 000 0 urd d | ||
| 040 |
_aBD-DhUL _cBD-DhUL |
||
| 082 |
_a891.431 _bFIC |
||
| 100 | 3 | _aفکر تونسوی۔ | |
| 245 | 0 |
_aچاند اور گدھا / _cفکر تونسوی۔ |
|
| 246 | _aChand aur Gadha. | ||
| 260 |
_aلاہور : _bآِینۂ ادب، _c۱۹۶۱۔ |
||
| 300 |
_aص۔ ۲۱۵ ؛ _c۱۸ سم۔ |
||
| 650 | 4 | _aUrdu poetry. | |
| 942 |
_2ddc _cBK |
||
| 999 |
_c248369 _d248369 |
||